Mi casa es tu casa (Registro nro. 68152)
[ vista simple ]
| 000 -LÍDER | |
|---|---|
| Campo fijo de descripción fija | 01247nab a2200217 i 4500 |
| 001 - NÚMERO DE CONTROL | |
| Campo de control | 768714001 |
| 003 - IDENTIFICADOR DEL NÚMERO DE CONTROL | |
| Campo de control | CO-MdFUSB |
| 005 - FECHA Y HORA DE LA ULTIMA TRANSACCIÓN | |
| control field | 20230607115010.0 |
| 008 - ELEMENTOS DE LONGITUD FIJA -- INFORMACIÓN GENERAL | |
| Campo fijo de descripción fija -- Información general | 220914s2006 ag ||||| |||| 00| 0 eng d |
| 022 ## - NÚMERO INTERNACIONAL NORMALIZADO PARA PUBLICACIONES SERIADAS | |
| Número Internacional Normalizado para Publicaciones Seriadas | 16698649 |
| 040 ## - FUENTE DE CATALOGACIÓN | |
| Idioma de catalogación | spa |
| Agencia que realiza la transcripción | CO-MdFUSB |
| Agencia que realiza la modificación | CO-MdFUSB |
| Agencia Catalogadora | CO-MdFUSB |
| 041 ## - CÓDIGO DE IDIOMA | |
| Código de idioma para texto/pista de sonido o título separado | eng |
| 100 ## - ASIENTO PRINCIPAL--NOMBRE PERSONAL | |
| Nombre personal | Scott, Lindy, |
| Término relacionador | autor |
| 245 1# - TÍTULO | |
| Título | Mi casa es tu casa |
| Subtitulo | : a biblical perspective on the current immigration situation |
| Mención de responsabilidad | / Lindy Scott |
| 300 ## - DESCRIPCIÓN FÍSICA | |
| Extensión | Volumen 1, número 2 (2006), páginas 122-146 |
| Dimensiones | ; 20 cm. |
| 520 ## - NOTA DE RESUMEN, ETC. | |
| Nota de sumario, etc. | Lindy Scott, secretario regional de FTL para los Estados Unidos y Canadá, expresa una vehemente súplica para que los cristianos en Norteamérica traten a los inmigrantes como tratarían a Jesús mismo. El autor nos lleva a conocer la controversia política actual en los Estados Unidos y construye puentes entre la enseñanza bíblica, el trasfondo histórico del problema y políticas concretas que los cristianos están llamados a sopesar. |
| 546 ## - NOTA DE IDIOMA | |
| Nota de idioma | Texto en Inglés |
| 650 #7 - ASIENTO SECUNDARIO DE MATERIA - TERMINO TEMÁTICO | |
| 9 (RLIN) | 2117 |
| Término temático o nombre geográfico como elemento de entrada | Emigración e inmigración |
| 773 0# - ASIENTO DE ITEM FUENTE | |
| Biblionumber | 49416 |
| Itemnumber | 81264 |
| Lugar, editorial y fecha de publicación | Santiago de Chile |
| Otro identificador del ítem | R1721 |
| Título | Journal of Latin American Theology : |
| Número de control del registro | (CO-MdFUSB)118 |
| Número Internacional Normalizado para Publicaciones Seriadas (ISSN) | 1669-8949 |
| Parte(s) relacionada(s) / Volumen., número. (mes año), páginas | Volumen 1, número 2 (2006), páginas 122-146 |
| Enumeración y primera página | página 122 |
| 942 ## - TIPO DE MATERIAL (KOHA) | |
| Tipo de Item KOHA | Artículos de Revista |
No hay ítems disponibles.
